| 000 | 00526nam a2200169 i 4500 | ||
|---|---|---|---|
| 001 | 20976 | ||
| 003 | ES-MaACL | ||
| 005 | 20230906152408.0 | ||
| 007 | t| | ||
| 008 | 021120s1944 sp ||||1| spa d | ||
| 100 | 1 |
_aAlarcón Capilla, Antonio. _919137 |
|
| 245 | 1 | 3 |
_aLa barca de Pedro _b: . (La virginidad perdida) : novela / _cAntonio Alarcón Capilla. |
| 260 |
_aMadrid : _bCastro, _c1944 ( _fGráficas Sánchez) |
||
| 300 |
_a289 p. ; _c21 cm. |
||
| 740 | 3 | _aLa virginidad perdida. | |
| 852 |
_aES-MaACL _jF-16310 _bR.21431 |
||
| 999 |
_c20976 _d20976 |
||